Kết cấu thép
Trình bày những kiến thức cơ bản về: cơ sở thiết kế kết cấu thép, liên kết hàn, liên kết bulông, dầm thép, cột, giàn thép, cửa van kèm theo phụ lục phần cuối
Sparad:
| Huvudupphovsman: | |
|---|---|
| Materialtyp: | Bok |
| Språk: | Undetermined |
| Publicerad: |
Hà Nội
Xây dựng
2008
|
| Ämnen: | |
| Taggar: |
Lägg till en tagg
Inga taggar, Lägg till första taggen!
|
| Thư viện lưu trữ: | Trung tâm Học liệu Trường Đại học Cần Thơ |
|---|
| LEADER | 00897nam a2200205Ia 4500 | ||
|---|---|---|---|
| 001 | CTU_168850 | ||
| 008 | 210402s9999 xx 000 0 und d | ||
| 020 | |c 60000 | ||
| 082 | |a 624.1821 | ||
| 082 | |b H103 | ||
| 100 | |a Vũ, Thành Hải | ||
| 245 | 0 | |a Kết cấu thép | |
| 245 | 0 | |c Vũ Thành Hải, Trương Quốc Bình, Vũ Hoàng Hưng | |
| 260 | |a Hà Nội | ||
| 260 | |b Xây dựng | ||
| 260 | |c 2008 | ||
| 520 | |a Trình bày những kiến thức cơ bản về: cơ sở thiết kế kết cấu thép, liên kết hàn, liên kết bulông, dầm thép, cột, giàn thép, cửa van kèm theo phụ lục phần cuối | ||
| 650 | |a Steel construction,Kết cấu thép,Structural engineering,Kỹ thuật kết cấu | ||
| 904 | |i QHieu | ||
| 980 | |a Trung tâm Học liệu Trường Đại học Cần Thơ | ||